00579nam a22001937a 4500003000500000005001700005008004100022010001000063011001000073035001000083040000900093110008000102245005000182260004400232300002900276490003200305650001600337830003200353CHAP20220329135818.0971013s1976 r 00010 d a42628 a43600 a47736 cCHAP aMéxico. Dirección General de Unidades de Riego para el Desarrollo Rural aAjonjolíb: recomendaciones para su cultivo aMéxico, D.F. :bLa Dirección,c1976 aHoja desplegableb: ilus aHoja de divulgaciónv; 4614aAjonjolí.0 aHoja de divulgaciónv; 46